Football Transfers: who went where? - Statistics

General Stats
  • This quiz has been taken 57 times
  • The average score is 12 of 20
Answer Stats
Team Left Player Team Joined % Correct
Man City Raheem Sterling Chelsea
94%
Chelsea Antonio Rudiger R. Madrid
78%
Dortmund Erling Haaland Man City
78%
Benfica Darwin Nunez Liverpool
76%
Everton Richarlison Spurs
75%
Leeds Kalvin Phillips Man City
71%
Napoli Kalidou Koulibaly Chelsea
69%
Brentford Christian Eriksen Man Utd
67%
West Ham Mark Noble Retired
61%
Liverpool Sadio Mane Bayern Munich
59%
Leeds Utd Raphinha Barcelona
57%
Ajax Lisandro Martinez Man Utd
51%
Feyenoord Tyrell Malacia Man Utd
51%
Fulham Fabio Carvalho Liverpool
43%
Burnley James Tarkowski Everton
43%
Brighton Yves Bissouma Spurs
41%
Liverpool Neco Williams Nottm Forest
37%
Burnley Nick Pope Newcastle
35%
Bayern Omar Richards Nottm Forest
35%
Man Utd Andreas Pereira Fulham
33%
No matching quizzes found
Score Distribution
Percent of People with Each Score
Percentile by Number Answered
Your Score History
You have not taken this quiz